Current and Future Trends in Chemical Industry bachelor thesis

Gespeichert in:
Bibliographische Detailangaben
1. Verfasser: Alhamed, Saleh S.N.A
Format: Buch
Sprache:Slowakisch
Veröffentlicht: Bratislava STU FCHPT 2013
Online-Zugang:Im OPAC anzeigen
Tags: Tag hinzufügen
Keine Tags, Fügen Sie das erste Tag hinzu!

MARC

LEADER 00000nam a2200000 a 4500
005 20260127134314.0
008 131211 2013 000 0 slo d
035 |a vtls010564582 
039 9 |y 201312111100  |z mschk03 
040 |a STUSCHK1  |b slo  |c STUSCHK1  |e AACR2 
100 1 |a Alhamed, Saleh S.N.A. 
245 1 |a Current and Future Trends in Chemical Industry  |b bachelor thesis  |c Saleh S.N.A.Alhamed 
260 |a Bratislava  |b STU FCHPT  |c 2013 
300 |a 22 s.  |c 30 cm 
500 |a Obhájené: 17.06.2013 
500 |a Study programme: Engineering of Chemical and Environmental Technologies 
500 |a Study field: Chemical Technologies 
500 |a Workplace: Department of Petroleum Technology and Petrochemistry 
500 |a Reg.No.: FCHPT-13306-45243 
910 |a SCHK95 
999 |c 9342  |d 9342